| 000 | 00752nam a22002057a 4500 | ||
|---|---|---|---|
| 999 |
_c1853 _d1853 |
||
| 003 | AR-CdUCM | ||
| 008 | 190228b ||||| |||| 00| 0 spa d | ||
| 040 |
_aMUNICIPALIDAD PROVINCIAL DEL CUSCO _cBIBLIOTECA MUNICIPAL DEL CUSCO |
||
| 082 |
_a338.904 / _bH76 |
||
| 100 |
_aHorvat, Branko _96788 |
||
| 245 | _aTeoría de la planificación económica / | ||
| 260 |
_aEspaña : _bOikos-Tau , _c1969. |
||
| 300 |
_a321 páginas ; _c21 cm. |
||
| 505 | _aCategorías económicas -- La teoría de los precios -- Determinación del precio de los factores de producción... | ||
| 650 |
_aTeoría de precios. _96789 |
||
| 650 |
_aCategorías económicas. _96790 |
||
| 650 |
_aDeterminación de precios. _96791 |
||
| 942 |
_2ddc _cLIBROS |
||
| 945 |
_awfj _d2019-02-28 |
||